|
|
|
|
| LEADER |
00000nam0a2200000 4500 |
| 001 |
140738 |
| 005 |
20231101220854.0 |
| 010 |
|
|
|a 9785477009862
|
| 010 |
|
|
|a 978-5-477-00987-9
|
| 035 |
|
|
|a (RuTPU)RU\TPU\book\152482
|
| 090 |
|
|
|a 140738
|
| 100 |
|
|
|a 20080707d2008 m y0rusy50 ca
|
| 101 |
0 |
|
|a rus
|
| 102 |
|
|
|a RU
|
| 105 |
|
|
|a a j 001zy
|
| 200 |
1 |
|
|a Windows Vista и не только. Актуальное руководство
|a Windows Vista: просто и быстро
|f К. К. Ковалев
|
| 210 |
|
|
|a Москва
|c NT Press
|d 2008
|
| 215 |
|
|
|a 352 с.
|c ил.
|
| 225 |
1 |
|
|a Самоучитель
|
| 225 |
1 |
|
|a Проще простого
|
| 320 |
|
|
|a Предметный указатель: с. 339-348.
|
| 330 |
|
|
|a Эта книга предназначена для тех, кто впервые начинает работать с персональным компьютером, на котором установлена операционная система Windows Vista. Самоучитель рассчитан как на молодых начинающих пользователей, так и на людей зрелого возраста, ибо именно они испытывают наибольшие трудности при взаимодействии со сложной электронной техникой. Неоценимую помощь в освоении новой операционной системы этот самоучитель окажет также и тем пользователям, которые уже успели поработать с другими операционными системами семейства Windows. Значительное место в книге уделено вопросам работы с операционной системой Windows Vista, общему устройству компьютера и организации работы на нем. Не осталась без внимания и возможность использования компьютера с операционной системой Windows Vista в качестве центра развлечений, фотолаборатории, музыкальной и видеомонтажной студии. Ведь компьютер сегодня - это мощный многофункциональный инструмент, позволяющий не только быстро решать насущные задачи на работе и помогающий при обучении в институте или школе, но это и настоящий мультимедийный центр. Кроме того, в книге излагаются основы работы с информационными ресурсами Всемирной паутины и организации общения между людьми посредством электронной почты и чата. Должное внимание уделяется и вопросам обеспечения безопасности работы на компьютере и защите его от вредоносных программ и злоумышленников. В приложениях описываются наиболее популярные сочетания клавиш, которые помогают работать не только с самой системой Windows Vista, но и с программами, входящими в ее состав.
|
| 606 |
1 |
|
|a Система Windows
|2 stltpush
|3 (RuTPU)RU\TPU\subj\54974
|9 73047
|
| 610 |
1 |
|
|a операционные системы
|
| 610 |
1 |
|
|a Windows Vista
|
| 610 |
1 |
|
|a персональные компьютеры
|
| 610 |
1 |
|
|a устройство
|
| 610 |
1 |
|
|a настройка
|
| 610 |
1 |
|
|a Интернет
|
| 610 |
1 |
|
|a электронная почта
|
| 610 |
1 |
|
|a антивирусная безопасность
|
| 610 |
1 |
|
|a взломы
|
| 610 |
1 |
|
|a защита
|
| 610 |
1 |
|
|a мультимедиа
|
| 610 |
1 |
|
|a самоучители
|
| 610 |
1 |
|
|a учебные пособия
|
| 675 |
|
|
|a 681.3.066(075.4)
|v 3
|
| 700 |
|
1 |
|a Ковалев
|b К. К.
|g Константин Константинович
|
| 801 |
|
1 |
|a RU
|b 63413507
|c 20080707
|g PSBO
|
| 801 |
|
2 |
|a RU
|b 63413507
|c 20141203
|g PSBO
|
| 942 |
|
|
|c BK
|
| 959 |
|
|
|a 69/20080701
|d 1
|e 151,00
|f ЧЗТЛ:1
|